| 000 | 00391nam a2200157Ia 4500 | ||
|---|---|---|---|
| 008 | 221220s9999 xx 000 0 und d | ||
| 020 | _a978-81-8038-051-8 | ||
| 041 | _aEnglish | ||
| 100 | _aS. P. Seth | ||
| 245 | 0 |
_aAdministative Law 7th Ed _cby S. P. Seth |
|
| 250 | _a7th | ||
| 260 |
_bLexis Nexis _aHaryana _c2015 |
||
| 300 | _a693 | ||
| 650 | _aAdministrative Law | ||
| 942 |
_2DDC _cBK |
||
| 999 |
_c19385 _d19385 |
||